Responses for Show #1120 - Friday, June 16, 1989

Cathy Boggs game 1.

Contestants

[<< previous game]

Cathy Boggs, a telecommunications policy analyst originally from Appleton, Wisconsin

Mike Hefler, a law clerk from Brooklyn, New York

Doug Fishel, a minister from Wichita, Kansas (whose 2-day cash winnings total $15,699)

[next game >>]

Jeopardy! Round responses

THE "IN" CROWD
PRESIDENTIAL TRIVIA
TRANSPORTATION
SINGERS
RANCHES
APPROXIMATE WEIGHTS & MEASURES
    $100 11
incense

Cathy
    $100 6
Harvard

Mike
    $100 20
the Husky

Cathy
    $100 1
Patsy Cline

Cathy
    $100 16
Roy Rogers

Doug
    $100 26
jumbo

Doug
    $200 12
indigo

Cathy
    $200 7
(James) Polk

Doug
    $200 21
the elevated (railway)

Cathy
    $200 2
Little Richard

Mike
    $200 17
ponderosas

Doug
    $200 27
a pinch

Mike
    $300 13
indivisible

Mike
    $300 8
the Masons

Mike
    $300 22
toboggan

Cathy
    $300 3
Fats Domino

Mike
    $300 18
The Best Little Whorehouse in Texas

Mike
    $300 28
a fistful

Doug
    $400 14
(Doug: What is inebriated?)
...
(Alex: We didn't need the "D"; can't have the "D" on a noun.)

inebriate

DougCathy
    $400 9
Eisenhower

Mike
    $400 23
a stroller

Cathy
    $400 4
Tammy Wynette

Cathy
    $400 19
(George) Lucas

Mike
    $400 29
a little dab

Cathy
    $500 15
Inherit the Wind

Doug
    $600 10
(Alex: "I'm Just Wild About Harry" and the Harry, of course, was [*].)
[The song was reprised going into the break.]

Harry Truman

Mike
    $500 24
(Alex: All of them followed by 7, of course.)

(1 of) Freedom (Friendship or Faith)

Cathy
    $500 5
Al Jarreau

Cathy
    $500 25
(Doug: What is IXL?)

the King Ranch

Doug
Triple Stumper
    $500 30
a whole lot

Cathy

Scores at the first commercial break (after clue 15):

Doug Mike Cathy
$300 $2,200 $1,700

Scores at the end of the Jeopardy! Round:

Doug Mike Cathy
$500 $3,100 $4,100

Double Jeopardy! Round responses

KANSAS
MOVIES
ORGANIZATIONS
FICTIONAL CHARACTERS
WOMEN IN HISTORY
10-LETTER WORDS
    $200 1
(Alex: Whoa! All right.)
[Laughter at Doug's specificity]

"Turkey" red wheat

Doug
    $200 3
Auntie Mame

Cathy
    $200 29
(Cathy: What is AARP?)

the Gray Panthers

MikeCathy
    $200 6
Arthur

Doug
    $200 16
(Doug: Who are Martha and Barbara?)
[Alex says nothing.]
(Doug: Bush.)
(Alex: And the first one?)
...
(Alex: Just wanted to make sure you knew the presidents' last names.)
[Laughter]

Martha Washington & Barbara Bush

Doug
    $200 30
a fingernail

Doug
    $400 2
Dodge City

Cathy
    $400 4
Casablanca

Mike
    $400 28
Parents Without Partners

Triple Stumper
    $400 8
Gulliver

Doug
    $400 17
the Mayflower

Mike
    $400 27
stationery

Mike
    $600 7
helium

Mike
    $1,000 5
(Mike: I haven't the foggiest.)
(Alex: Ah, it's before your time, "What is [*]?")

BUtterfield 8

Mike
    $600 21
parakeets

Mike
    $600 13
(Doug: What is For Whom the Bell Tolls?)

The Sun Also Rises

Doug
Triple Stumper
    $800 18
(Mike: Who is Mrs. Hoffa?)
...
(Alex: The widow of Martin Luther King Jr.)
...
(Alex: You hate these Daily Doubles, so let's start building on the regular clues.)

Coretta Scott King

Mike
    $600 26
stationary

Doug
    $800 9
the Missouri

Doug
    $800 11
(Alex: The film was an Academy Award winner for Joan Crawford, "What is [*]"?)

Mildred Pierce

Triple Stumper
    $800 22
(Doug: What is the Fraternal & Benevolent Order of Elks?)

the Benevolent & Protective Order of Elks

Doug
Triple Stumper
    $800 14
his uncle

Triple Stumper
    $800 20
(Mike: Who is Leakey?)
(Alex: Be more specific.)
(Mike: Who is... I don't know.)
(Alex: Will we accept it? The producer says we will accept it.)

Mary Leakey

Mike
    $800 24
(Alex: With a one minute to go.)

obstetrics (embryology)

Mike
    $1000 10
Topeka

Cathy
    $1000 12
The Little Prince

Cathy
    $1000 23
the Confederate Air Force

Doug
    $1000 15
Pride and Prejudice

Cathy
    $1000 19
Mother Teresa

Cathy
    $1000 25
the belladonna

Triple Stumper

Scores at the end of the Double Jeopardy! Round:

Doug Mike Cathy
$2,700 $5,500 $8,500

[wagering suggestions for these scores]

Final Jeopardy! Round responses

AMERICAN PLAYWRIGHTS
(Alex: We had Maureen Stapleton and Eli Wallach for Rose Tattoo, Margaret Leighton for Night of the Iguana and Jessica Tandy for A Streetcar Named Desire.)
DougWho was O'Neill?
$2,699
MikeWho is Neil Simon
$5,500
CathyWho is William [something else written] Inge?
$3,000
Tennessee Williams

Final scores:

Doug Mike Cathy
$1 $0 $5,500
2nd place: trip on Eastern to Miami & stay at the Sonesta Beach Hotel 3rd place: Irish Art Crystal "A Horse and Foal" New champion: $5,500

Game dynamics:

Coryat scores:

Doug Mike Cathy
$2,700 $7,200 $8,500
14 R,
4 W
18 R
(including 1 DD),
2 W
(including 2 DDs)
19 R,
1 W

Combined Coryat: $18,400

[game clues] [game scores] [suggest correction]

Game tape date: 1989-02-13
The J! Archive is created by fans, for fans. Scraping, republication, monetization, and malicious use prohibited; this site may use cookies and collect identifying information. See terms. The Jeopardy! game show and all elements thereof, including but not limited to copyright and trademark thereto, are the property of Jeopardy Productions, Inc. and are protected under law. This website is not affiliated with, sponsored by, or operated by Jeopardy Productions, Inc. Join the discussion at JBoard.tv.